GMAT Chương trình luyện thi GMAT

Gardado en:
Detalles Bibliográficos
Nhiều tác giả của công ty: Staff of Kaplan, Inc, Ban biên dịch First News
Outros autores: Nguyễn, Văn Phước (Chú giải), Vũ, Tài Hoa (Chú giải)
Formato: Libro
Idioma:Vietnamese
Publicado: TP. Hồ Chí Minh Trẻ 2003
Edición:fifth ed
Series:Peterson's
Những chủ đề:
Các nhãn: Engadir etiqueta
Sen Etiquetas, Sexa o primeiro en etiquetar este rexistro!
Thư viện lưu trữ: Trung tâm Học liệu Lê Vũ Hùng, Trường Đại học Đồng Tháp
LEADER 00985pam a22003018a 4500
001 00042242
005 20180830140847.0
008 160822s2002 ||||||viesd
020 # # |c 39000 
041 0 # |a vie 
082 1 4 |a 650.076  |b GM110 
245 1 0 |a GMAT  |c Vũ Tài Hoa, Nguyễn Văn Phước (chú giải), Ban biên dịch First News  |b Chương trình luyện thi GMAT 
250 # # |a fifth ed 
260 # # |a TP. Hồ Chí Minh  |b Trẻ  |c 2003 
300 # # |a 337 tr.  |c 21 cm. 
490 # # |a Peterson's 
653 # # |a Bài tập 
653 # # |a GMAT 
653 # # |a Tiếng Anh 
653 # # |a Quản trị kinh doanh 
653 # # |a Luyện thi 
700 1 # |a Nguyễn, Văn Phước  |e Chú giải 
700 1 # |a Vũ, Tài Hoa  |e Chú giải 
710 # # |a Staff of Kaplan, Inc 
710 # # |a Ban biên dịch First News 
852 # # |j KD.0024102 
910 |d 30/08/2018 
980 # # |a Trung tâm Học liệu Lê Vũ Hùng, Trường Đại học Đồng Tháp